000 00504nam a22001577a 4500
003 SISC
005 20170711093546.0
008 170711b xxu||||| |||| 00| 0 eng d
020 _a9789810732455
050 _aHG 4521
_b.SE446 2012
245 _a3 dimensions of successful investing :
_bSIAS investment guide book /
_cRichard C. Dyason.
260 _aSingapore :
_bSecurities Investors Association,
_c2012.
300 _a179 pages :
_billustrations ;
_c23 cm.
650 _aInvestments.
942 _2lcc
_cBK
999 _c339022
_d339022